Loading...

Why Elections Fail/

Bibliografiske detaljer
Hovedforfatter: Pippa Norris
Format: Printed Book
Udgivet: Newyork: Cambridge University Press, 2015.
Fag:
LEADER 00670nam a22001937a 4500
020 |a 9781107679023 
082 |a 324.6  |b PIP/W 
100 |a Pippa Norris  |9 174312 
245 |a Why Elections Fail/  |c by Pippa Norris 
260 |a Newyork:  |b Cambridge University Press,  |c 2015. 
300 |a 256p. 
650 |a Electoral Corrupt Practices  |9 174313 
650 |a Elections  |9 174314 
650 |a Political Parties  |9 174315 
650 |a Political Sciences  |9 174316 
650 |a Social Sciences  |9 174317 
942 |c BK 
999 |c 142582  |d 142582 
952 |0 0  |1 0  |4 0  |6 324_600000000000000_PIP_W  |7 0  |9 98763  |a SSUS  |b SSUS  |c STACKS  |d 2019-08-19  |g 1964.66  |o 324.6 PIP/W  |p 095624  |r 2019-08-19  |w 2019-08-19  |y BK